L'Art Préhistorique (Record no. 466431)
[ view plain ]
| 000 -CABECERA | |
|---|---|
| Campo de control de longitud fija | 00571nam a2200181 4500 |
| 001 - NÚMERO DE CONTROL | |
| Campo de control | 117504 |
| 003 - IDENTIFICADOR DEL NÚMERO DE CONTROL | |
| Campo de control | ES-SlBCS |
| 005 - FECHA Y HORA DE LA ÚLTIMA TRANSACCIÓN | |
| Campo de control | 20210327224135.0 |
| 008 - CÓDIGOS DE INFORMACIÓN DE LONGITUD FIJA | |
| Campo de control de longitud fija | 160210s1932 fr fre |
| 040 ## - FUENTE DE LA CATALOGACIÓN | |
| Centro catalogador del origen | SpMaBN |
| Lengua de catalogación | spa |
| Centro transcriptor | CDM |
| Centro modificador | ES-SlBCS |
| 100 1# - PUNTO DE ACCESO PRINCIPAL-NOMBRE DE PERSONA | |
| Nombre de persona | Saint-Périer, René de Poilloue de |
| 9 (RLIN) | 97283 |
| 245 12 - MENCIÓN DE TÍTULO | |
| Título | L'Art Préhistorique |
| Resto del título | : (epoque Paléolithique) |
| 260 ## - PUBLICACIÓN, DISTRIBUCIÓN, ETC... (PIE DE IMPRENTA) | |
| Lugar de publicación, distribución, etc. | Paris : |
| Nombre del editor, distribuidor, etc. | [Presses Universitaires de France], |
| Fecha de publicación, distribución, etc. | 1932 |
| 300 ## - DESCRIPCIÓN FÍSICA | |
| Extensión | 76 p., LX lám. ; |
| Dimensiones | 20 cm |
| 490 0# - MENCIÓN DE SERIE | |
| Mención de serie | De la col. "Maîtres de l'Art Ancien" |
| 650 04 - PUNTO DE ACCESO ADICIONAL DE MATERIA-TÉRMINO DE MATERIA | |
| Término de materia o nombre geográfico como elemento inicial | Arte Prehistórico |
| 9 (RLIN) | 88421 |
| 942 ## - ENTRADA DE ELEMENTOS AGREGADOS (KOHA) | |
| Fuente de clasificaión o esquema | |
| Koha [por defecto] tipo de item | Libros |
| Suprimido | Perdido | Fuente de clasificación o esquema | Estropeado | No para préstamo | Localización permanente | Localización actual | Localización en estantería | Fecha adquisición | Préstamos totales | Signatura completa | Número de Registro / Código de Barras | Fecha última consulta | Fecha del precio de reemplazo | Tipo de item de Koha |
|---|---|---|---|---|---|---|---|---|---|---|---|---|---|---|
| San Esteban | San Esteban | Depósito de libros | 10/02/2016 | 70 SAI art | 117504 | 10/02/2016 | 10/02/2016 | Libros |
